Datum a čas kvízu

29 Celkem bodů Celkový počet nahraných bodů na tomto kvízu bez doplňovacích otázek.
6. Pořadí na kvízu Konečné umístění týmu na tomto kvízu.

Zaznamenané odpovědi

# Otázka Odpověď Body Výsledky
1. Při úterním zasedání Sněmovny... bojový letoun (F-35) 0
2. Po skandálu s udělením milosti... Maďarsko 1
3. V přepočtu asi 40 milionů koru... The Beatles 1
4. V sobotu začal čínský nový rok... znamení Draka 1
5. Který útočník minulý týden dok... Martin Nečas. 1
6. Vítězné téma facebookového hla... 1B 2D 3C 4A 0
7. Dne 18. dubna 1997 byli odsouz... Orličtí vrazi 1
8. Říká vám něco jméno herečky Šá... Irenka (Irena) 1
9. V roce 1994 vyšel první díl he... Tekken 1
10. Ke kterému městu se v souvislo... Vsetín 1